Πλάτωνας, Όχι Πρόζακ! / Η Εφαρμογή της Φιλοσοφίας στα Καθημερινά Προβλήματα (Record no. 5785)
[ view plain ]
| 000 -LEADER | |
|---|---|
| fixed length control field | 02289cam a22001934a 4500 |
| 005 - ΗΜΕΡΟΜΗΝΙΑ ΚΑΙ ΩΡΑ ΤΕΛΕΥΤΑΙΑΣ ΕΝΗΜΕΡΩΣΗΣ | |
| Πεδίο ελέγχου | 20250605164222.0 |
| 008 - FIXED-LENGTH DATA ELEMENTS--GENERAL INFORMATION | |
| Πεδίο ελέγχου σταθερού μήκους | 250528s ||||||||||||||||||||||||d |
| 035 ## - SYSTEM CONTROL NUMBER | |
| System control number | 20699 |
| 020 ## - ISBN | |
| ISBN | 9601406352 |
| 040 ## - ΠΗΓΗ ΚΑΤΑΛΟΓΟΓΡΑΦΗΣΗΣ | |
| Φορέας πρωτότυπης καταλογογράφησης | MC Athens Campus Library |
| Γλώσσα καταλογογράφησης | Ελληνικά, Μοντέρνα (1453-) |
| Modifying agency | MC Athens Campus Library |
| Κανόνες περιγραφικής καταλογογράφησης | AACR2 |
| 245 1# - ΤΙΤΛΟΣ ΚΑΙ ΔΗΛΩΣΗ ΥΠΕΥΘΥΝΟΤΗΤΑΣ | |
| Τίτλος | Πλάτωνας, Όχι Πρόζακ! / Η Εφαρμογή της Φιλοσοφίας στα Καθημερινά Προβλήματα |
| 260 ## - PUBLICATION, DISTRIBUTION, ETC. | |
| Name of publisher, distributor, etc. | Α. Α. Λιβάνη, |
| Date of publication, distribution, etc. | 2002 |
| 300 ## - PHYSICAL DESCRIPTION | |
| Extent | 480 |
| 520 ## - SUMMARY, ETC. | |
| Summary, etc. | Αυτό το βιβλίο βασίζεται στους μεγαλύτερους φιλόσοφους και στις σημαντικότερες φιλοσοφικές θεωρίες της ιστορίας για να σας δείξει πώς να προσεγγίζετε τα σημαντικά θέματα της ζωής σας. Νέες Χρήσεις της Αρχαίας Σοφίας, Τι Πήγε Λάθος με τη Φιλοσοφία και τι πάει σωστά με αυτήν τελευταία, Θεραπεία και Θεραπέια Παντού και Ούτε μια Ιδέα για να Σκεφτούμε, PEACE: Πέντε Βήματα για να Αντιμετωπίσουμε τα Προβλήματα Φιλοσοφικά, Τι μας Διαφεύγει από τις Βασικές Φιλοσοφικές Γνώσεις που θα μπορούσε να μας βοηθήσει τώρα, Αντιμετώπιση των Καθημερινών Προβλημάτων, Αναζήτηση μιας Σχέσης, Συντήρηση μιας Σχέσης, Το Τέλος μιας Σχέσης, Οικογενειακή Ζωή και Συγκρούσεις, Όταν η Δουλειά δεν Ανταποδίδει, Μέση Ηλικία Χωρίς Κρίση, Γιατί να Είναι Κανείς Αγνός και Ηθικός, Βρίσκοντας Νόημα και Σκοπό, Κερδίζοντας από την Απώλεια, Πέρα από την Συμβουλευτική Πελατών, Εφαρμογή της Φιλοσοφίας σε Ομάδες και Οργανισμούς, Επιπρόσθετες Πηγές Πληροφοριών, Παραρτήματα. |
| 700 1# - ΠΡΟΣΘΕΤΗ ΑΝΑΓΡΑΦΗ--ΦΥΣΙΚΟ ΠΡΟΣΩΠΟ | |
| Personal name | Μαρίνοφ Λου |
| 9 (RLIN) | 6665 |
| 942 ## - ADDED ENTRY ELEMENTS (KOHA) | |
| Koha item type | Books |
| Τύπος τεκμηρίου | Βιβλιοθήκη | Τρέχουσα τοποθεσία | Barcode | Αριθμός εισαγωγής | Ημερομηνία απόκτησης | Ταξιθετικό σύμβολο | Αριθμός αντιτύπου | Κατάσταση απόσυρσης | Κατάσταση χαμένου | Κατάσταση κατεστραμμένου | Μη δανεισμός | Σύνολο δανεισμών | Ημερομηνία τελευταίας εμφάνισης | Χρονολογία τελευταίου δανεισμού | Η τιμή ισχύει από |
|---|---|---|---|---|---|---|---|---|---|---|---|---|---|---|---|
| Books | MC Athens Campus Library | MC Athens Campus Library | 9780000057846 | 7323 | 05/06/2025 | 100 MAR | 1 | 1 | 29/01/2026 | 01/11/2025 | 05/06/2025 |